|
|
|
|
| LEADER |
00000nab a2200000 a 4500 |
| 001 |
vtls000733758 |
| 003 |
SK-MaSNL |
| 005 |
20260302193102.0 |
| 008 |
180206c2000 xo 0 slo |
| 015 |
|
|
|a SNBRB2000/10-25196
|
| 035 |
|
|
|a CLN000085864
|
| 040 |
|
|
|a SNKBUCL
|b slo
|c SNKBUCL
|e AACR2
|
| 041 |
0 |
|
|a slo
|
| 044 |
|
|
|a xo
|c SK
|
| 080 |
|
|
|a 634.8+663.2:061.2(100)
|2 UDC-MRF-SK2
|
| 080 |
|
|
|a 663.2+634.8:061.2(100)
|2 UDC-MRF-SK2
|
| 100 |
1 |
|
|a Kotes, Stanislav
|4 aut
|9 798639
|
| 245 |
1 |
0 |
|a Zo zasadania Výkonného výboru (COMEX) 2000 O.I.V.
|c Stanislav Kotes, Erich Minárik
|
| 610 |
|
7 |
|a Medzinárodný úrad pre vinič a víno
|b Výkonný výbor
|x zasadanie
|y 11.-12.3.2000
|2 snkbucl
|9 911218
|
| 655 |
|
7 |
|a články z novín a časopisov
|2 snkbucl
|9 267496
|
| 700 |
1 |
|
|a Minárik, Erich,
|d 1924-2007
|4 aut
|9 133034
|
| 773 |
0 |
|
|x 0042-6326
|t Vinohrad
|g Roč. 38, č. 3 (2000), s. príloha 9-10
|
| 850 |
|
|
|a Slovenská národná knižnica v Martine
|
| 852 |
|
|
|a SNK
|b KIS3GCP
|
| 958 |
|
|
|a RBX
|
| 999 |
|
|
|c 1443230
|d 1445160
|